Tratado de los objetos musicales
שמור ב:
| מחבר ראשי: | |
|---|---|
| פורמט: | ספר |
| שפה: | ספרדית |
| יצא לאור: |
Madrid
Alianza
1988
|
| מהדורה: | 1a. ed |
| סדרה: | Alianza Música
|
| נושאים: | |
| תגים: |
הוספת תג
אין תגיות, היה/י הראשונ/ה לתייג את הרשומה!
|
MARC
| LEADER | 00000nam a2200000 a 4500 | ||
|---|---|---|---|
| 001 | UCK4336 | ||
| 003 | CL-VaPUC | ||
| 008 | 050603e19880000SP |||||||||||||||||spa|d | ||
| 020 | |a 8420685402 | ||
| 082 | 0 | 4 | |a 780.1 |b SCH |2 21 |
| 100 | 0 | |a Schaeffer, Pierre |e author |9 492794 | |
| 245 | 1 | 0 | |a Tratado de los objetos musicales |
| 250 | |a 1a. ed | ||
| 300 | |a 337 p | ||
| 942 | |c BK | ||
| 945 | |d 20050603 00:00:00 |a cmena | ||
| 260 | |a Madrid |b Alianza |c 1988 | ||
| 650 | 0 | |a Música |9 306269 | |
| 650 | 0 | |a Filosofía del arte |9 264951 | |
| 650 | 0 | |a Teoría de la música |9 492795 | |
| 583 | |a last modification |c 20121001 10:56:17 |k Rodrigo Vera | ||
| 490 | 0 | |a Alianza Música | |
| 999 | |c 313221 |d 313219 | ||
| 952 | |0 0 |1 0 |4 0 |6 780_100000000000000_SCH_1988 |7 0 |8 A |9 384377 |a BIBEDU |b BIBEDU |d 2019-11-22 |i 412247K |o 780.1 SCH 1988 |p 412247K |r 2023-01-12 |w 2019-11-22 |y BK |k MUS | ||